Pokémon - Les attaques de Lougaroc Forme Nocturne - Statistiques

Statistiques générales
  • Ce quiz a été pris 14 fois
  • Le résultat moyen est 14 sur 18
Statistiques - réponses
Niveaux Types Noms des attaques % Correct
Niveau 36 Roche Éboulement
100%
Niveau 60 Roche Lame de Roc
100%
Départ Normal Charge
86%
Niveau 16 Normal Grondement
86%
Départ Normal Groz'Yeux
86%
Niveau 12 Roche Jet-Pierres
86%
Niveau 42 Ténèbres Mâchouille
86%
Niveau 20 Ténèbres Morsure
86%
Niveau 54 Roche Piège de Roc
86%
Évolution Combat Riposte
86%
Niveau 24 Roche Tomberoche
86%
Départ Combat Contre
71%
Niveau 48 Normal Grimace
71%
Niveau 30 Normal Hurlement
71%
Départ Sol Jet de Sable
71%
Départ Ténèbres Provoc
57%
Départ Normal Reflet
43%
Départ Normal Ténacité
29%
Aucun quiz correspondant
Distribution des résultats
% des personnes avec chaque résultat
Percentile par nombre de réponses
Votre historique - résultats
Vous n’avez pas pris ce quiz